[Event "Junior Online 4NCL Division 4"]
[Site "online"]
[Date "2020.10.29"]
[Round "6.36"]
[White "Salguero, Santiago"]
[Black "Syposz, Iza"]
[Result "0-1"]
[WhiteElo "1000"]
[BlackElo "1007"]
[PlyCount "68"]
[EventDate "2020.10.29"]
[WhiteTeam "Surrey Kings 3"]
[BlackTeam "Cambridge Chess & Go C"]

1. e4 e5 2. Bc4 Nf6 3. Nc3 Bc5 4. Nf3 d6 5. d3 O-O 6. Bg5 Nc6 7. O-O Qd7 8. Nb5
Nd4 9. Nfxd4 exd4 10. f3 a6 11. Na3 b5 12. Bd5 Nxd5 13. exd5 Qf5 14. Be7 Re8
15. Bh4 Qxd5 16. Re1 Be6 17. c4 Qf5 18. Nb1 bxc4 19. dxc4 Bb4 20. Rf1 Bxc4 21.
g4 Qf4 22. Bf2 Bxf1 23. Qxf1 Qxf3 24. Bxd4 Qxg4+ 25. Kh1 Qxd4 26. Nc3 Bxc3 27.
Qg2 Bxb2 28. Re1 Rf8 29. Rg1 Rae8 30. a4 Qxa4 31. Qxg7+ Bxg7 32. Rxg7+ Kxg7 33.
h4 Re2 34. h5 Qa1# 0-1

[Event "Junior Online 4NCL Division 4"]
[Site "online"]
[Date "2020.10.29"]
[Round "6.37"]
[White "Soni, Raghhav"]
[Black "Fairrie, Ralph"]
[Result "0-1"]
[WhiteElo "762"]
[BlackElo "1000"]
[PlyCount "50"]
[EventDate "2020.10.29"]
[WhiteTeam "Cambridge Chess & Go C"]
[BlackTeam "Surrey Kings 3"]

1. e4 e5 2. Nf3 Nc6 3. Nc3 Bc5 4. Bd3 d6 5. O-O Nf6 6. Qe1 Nh5 7. Rb1 Nf4 8.
Be2 Qf6 9. Bc4 Qg6 10. g3 Nh3+ 11. Kg2 Nf4+ 12. Kg1 Nh5 13. Kg2 Nf4+ 14. Kg1
Qg4 15. d3 Qh3 16. Bxf4 exf4 17. Qe2 Ne7 18. Rfc1 Nf5 19. Ng5 Qh5 20. Kf1 Qxg5
21. gxf4 Nd4 22. Qe3 Nf3 23. Qxf3 h5 24. Qe2 Qxf4 25. Qxh5 Qxf2# 0-1

[Event "Junior Online 4NCL Division 4"]
[Site "online"]
[Date "2020.10.29"]
[Round "6.38"]
[White "Goldhawk, Harrison"]
[Black "Soni, Manvi"]
[Result "1-0"]
[WhiteElo "1000"]
[BlackElo "800"]
[PlyCount "27"]
[EventDate "2020.10.29"]
[WhiteTeam "Surrey Kings 3"]
[BlackTeam "Cambridge Chess & Go C"]

1. e4 e5 2. Nf3 Nf6 3. Nc3 Nc6 4. Bc4 Nd5 5. exd5 Ne7 6. O-O Nxd5 7. Bxd5 Be7
8. Nxe5 Bf6 9. Nxf7 O-O 10. Nxd8+ Rf7 11. Bxf7+ Kh8 12. Re1 h5 13. Bg6 Kg8 14.
Re8# 1-0

[Event "Junior Online 4NCL Division 4"]
[Site "online"]
[Date "2020.10.29"]
[Round "6.39"]
[White "Baker, Luke"]
[Black "Wilkinson, Bernard"]
[Result "0-1"]
[WhiteElo "1000"]
[BlackElo "1075"]
[PlyCount "76"]
[EventDate "2020.10.29"]
[WhiteTeam "Surrey Kings 3"]
[BlackTeam "Cambridge Chess & Go C"]

1. e4 e5 2. Qh5 Nc6 3. Bb5 a6 4. Bxc6 bxc6 5. Qxe5+ Qe7 6. Qxe7+ Bxe7 7. d3 Nf6
8. e5 Nd5 9. c4 Bb4+ 10. Bd2 Bxd2+ 11. Nxd2 Nb4 12. a3 Nc2+ 13. Kd1 Nxa1 14.
Ngf3 O-O 15. Re1 Rb8 16. Ke2 Nc2 17. Rc1 Rxb2 18. Rxc2 Rxc2 19. Nd4 Ra2 20. f3
d5 21. cxd5 cxd5 22. Nc6 Bb7 23. Ne7+ Kh8 24. Kd1 Re8 25. Nf5 Rxe5 26. Nd4 Rxa3
27. f4 Re3 28. Nb1 Rexd3+ 29. Nd2 Rxd4 30. Kc2 Ra2+ 31. Kc3 Raxd2 32. Kb3 Rd1
33. Kc2 Bc6 34. Kc3 Ba4 35. Kb2 Rc4 36. Ka2 Bc2 37. Kb2 Rb1+ 38. Ka2 Ra4# 0-1

[Event "Junior Online 4NCL Division 4"]
[Site "online"]
[Date "2020.10.29"]
[Round "6.40"]
[White "Syposz, Iza"]
[Black "Salguero, Santiago"]
[Result "0-1"]
[WhiteElo "1007"]
[BlackElo "1000"]
[PlyCount "48"]
[EventDate "2020.10.29"]
[WhiteTeam "Cambridge Chess & Go C"]
[BlackTeam "Surrey Kings 3"]

1. e4 e5 2. d3 d6 3. Be2 Nc6 4. Nf3 Be6 5. O-O Nf6 6. Nc3 d5 7. exd5 Bxd5 8.
Nxd5 Nxd5 9. c4 Nf6 10. Bg5 e4 11. dxe4 h6 12. Bxf6 gxf6 13. Qc1 Rg8 14. a4 f5
15. e5 f6 16. Ra2 Qd7 17. Re1 fxe5 18. Bf1 Qg7 19. a5 e4 20. a6 bxa6 21. Rxa6
Ne7 22. Ra4 exf3 23. Ra3 fxg2 24. Bxg2 Qxg2# 0-1

[Event "Junior Online 4NCL Division 4"]
[Site "online"]
[Date "2020.10.29"]
[Round "6.42"]
[White "Soni, Manvi"]
[Black "Goldhawk, Harrison"]
[Result "0-1"]
[WhiteElo "800"]
[BlackElo "1000"]
[PlyCount "42"]
[EventDate "2020.10.29"]
[WhiteTeam "Cambridge Chess & Go C"]
[BlackTeam "Surrey Kings 3"]

1. e4 e5 2. Nc3 Nf6 3. Nd5 Nxe4 4. Nc3 Nc5 5. b4 Nca6 6. b5 Nc5 7. Bd3 e4 8.
Bxe4 Nxe4 9. Nxe4 Qe7 10. Qe2 d5 11. Qg4 Bxg4 12. c4 dxe4 13. c5 Qxc5 14. Rb1
Qc2 15. f3 exf3 16. Kf2 Qxb1 17. Ke3 fxg2 18. Ne2 gxh1=Q 19. Ng3 Qf3+ 20. Kd4
Qb4+ 21. Ke5 Qd6# 0-1

[Event "Junior Online 4NCL Division 4"]
[Site "online"]
[Date "2020.10.29"]
[Round "6.45"]
[White "Feldman, Joshua"]
[Black "Yerabati, Samiksha"]
[Result "0-1"]
[WhiteElo "850"]
[BlackElo "1232"]
[PlyCount "50"]
[EventDate "2020.10.29"]
[WhiteTeam "Eden Primary Knights"]
[BlackTeam "Leeds Juniors 2"]

1. e4 e5 2. Bc4 Nf6 3. Nf3 Nc6 4. Nc3 Bc5 5. O-O O-O 6. d4 exd4 7. Na4 Bb6 8.
Nxb6 axb6 9. Bg5 h6 10. Bxf6 Qxf6 11. Bb3 d6 12. Nd2 Ne5 13. Nb1 c5 14. Bd5 Qg6
15. Na3 Bh3 16. g3 Bxf1 17. Qxf1 Nf3+ 18. Kh1 Qh5 19. Qg2 Kh8 20. Rd1 f5 21.
Rd3 fxe4 22. Rb3 Qxd5 23. Rxb6 Qxa2 24. Nc4 Qb1+ 25. Qg1 Qxg1# 0-1

[Event "Junior Online 4NCL Division 4"]
[Site "online"]
[Date "2020.10.29"]
[Round "6.46"]
[White "Sasikumar, Srivathsan"]
[Black "Querfurth Waterman, Maya"]
[Result "1-0"]
[WhiteElo "1075"]
[BlackElo "850"]
[PlyCount "43"]
[EventDate "2020.10.29"]
[WhiteTeam "Leeds Juniors 2"]
[BlackTeam "Eden Primary Knights"]

1. d4 d5 2. Bf4 Bf5 3. e3 Nc6 4. Bd3 e6 5. Nf3 Bb4+ 6. c3 Be7 7. Qc2 Nf6 8.
Nbd2 O-O 9. h4 Bxd3 10. Qxd3 Ng4 11. h5 g6 12. hxg6 hxg6 13. O-O-O Nxf2 14. Qe2
Nxh1 15. Rxh1 Bd6 16. Bh6 Re8 17. Qd3 Qf6 18. Nh4 Qh8 19. Nxg6 Qf6 20. Ne5 Bf8
21. Bxf8 Rxf8 22. Qh7# 1-0

[Event "Junior Online 4NCL Division 4"]
[Site "online"]
[Date "2020.10.29"]
[Round "6.47"]
[White "Ackerman, Jesse"]
[Black "Vyas, Miraya"]
[Result "0-1"]
[WhiteElo "850"]
[BlackElo "1022"]
[PlyCount "52"]
[EventDate "2020.10.29"]
[WhiteTeam "Eden Primary Knights"]
[BlackTeam "Leeds Juniors 2"]

1. e4 e5 2. Bc4 Qe7 3. Nf3 h6 4. Nh4 Qxh4 5. Qf3 Qe7 6. g4 Nf6 7. g5 hxg5 8. h3
d6 9. d4 exd4 10. Bxg5 Nc6 11. Bxf6 gxf6 12. Rg1 Rxh3 13. Qd1 Bd7 14. Bb5 O-O-O
15. Bxc6 Bxc6 16. Na3 Qxe4+ 17. Kf1 a6 18. f3 Qe3 19. Nc4 Qf4 20. Na5 Rxf3+ 21.
Ke1 Qe3+ 22. Qe2 Qxg1+ 23. Kd2 Bh6+ 24. Qe3 Bxe3+ 25. Ke2 Qf2+ 26. Kd1 Qd2# 0-1

[Event "Junior Online 4NCL Division 4"]
[Site "online"]
[Date "2020.10.29"]
[Round "6.48"]
[White "Bharathidasan Vidhya, Shravan"]
[Black "Lasserson, Gabriel"]
[Result "1-0"]
[WhiteElo "940"]
[BlackElo "800"]
[PlyCount "45"]
[EventDate "2020.10.29"]
[WhiteTeam "Leeds Juniors 2"]
[BlackTeam "Eden Primary Knights"]

1. d4 d5 2. Bf4 Bf5 3. e3 Nc6 4. Bd3 Bxd3 5. Qxd3 Nb4 6. Qb5+ Qd7 7. Qxb4 e5 8.
Qxb7 Rc8 9. dxe5 Rd8 10. Nd2 Qe7 11. Qc6+ Rd7 12. Ngf3 Qb4 13. Qc3 Qxc3 14.
bxc3 Be7 15. O-O Bh4 16. g3 g5 17. Bxg5 Bxg5 18. Nxg5 f6 19. exf6 Nxf6 20. Rab1
Ng4 21. Rb8+ Rd8 22. Rxd8+ Kxd8 23. Nf7+ 1-0

[Event "Junior Online 4NCL Division 4"]
[Site "online"]
[Date "2020.10.29"]
[Round "6.50"]
[White "Querfurth Waterman, Maya"]
[Black "Sasikumar, Srivathsan"]
[Result "0-1"]
[WhiteElo "850"]
[BlackElo "1075"]
[PlyCount "58"]
[EventDate "2020.10.29"]
[WhiteTeam "Eden Primary Knights"]
[BlackTeam "Leeds Juniors 2"]

1. d4 d5 2. Bf4 Bf5 3. e3 e6 4. Nc3 Bd6 5. Bxd6 Qxd6 6. Nb5 Qb6 7. Nc3 c6 8.
Nf3 Qxb2 9. Rb1 Qxc3+ 10. Nd2 Bxc2 11. Qc1 Na6 12. Rb2 Nb4 13. a3 Qxa3 14. Rxc2
Nxc2+ 15. Qxc2 Qa1+ 16. Qd1 Qxd1+ 17. Kxd1 a5 18. Nb3 a4 19. Nc5 a3 20. Bb5
cxb5 21. Kd2 a2 22. Ra1 b4 23. Nxb7 b3 24. Kc1 Rb8 25. Nd6+ Kd7 26. Nxf7 b2+
27. Kc2 bxa1=Q 28. Nxh8 Qb2+ 29. Kd3 Rb3# 0-1

[Event "Junior Online 4NCL Division 4"]
[Site "online"]
[Date "2020.10.29"]
[Round "6.51"]
[White "Vyas, Miraya"]
[Black "Ackerman, Jesse"]
[Result "1-0"]
[WhiteElo "1022"]
[BlackElo "850"]
[PlyCount "75"]
[EventDate "2020.10.29"]
[WhiteTeam "Leeds Juniors 2"]
[BlackTeam "Eden Primary Knights"]

1. e4 e5 2. Nf3 d5 3. exd5 Bc5 4. Nc3 Qf6 5. d3 g5 6. Bxg5 Qb6 7. b3 Bb4 8. Bd2
Ba5 9. Qe2 Be6 10. dxe6 Ne7 11. exf7+ Kxf7 12. Ng5+ Ke8 13. Qh5+ Ng6 14. Nd5
Qc5 15. Nf6+ Kf8 16. Ne6+ Kf7 17. Ng5+ Kxf6 18. Ne4+ Kg7 19. Nxc5 b6 20. Ne6+
Kg8 21. Bxa5 bxa5 22. d4 exd4 23. Bc4 d3 24. Nxc7+ Kf8 25. Qf5+ Ke7 26. Qf7+
Kd6 27. Nxa8 Ne5 28. Qd5+ Ke7 29. Qxe5+ Kd7 30. Qxh8 Nc6 31. cxd3 Ne7 32. Bb5+
Nc6 33. Bxc6+ Kxc6 34. Rc1+ Kd6 35. Qd8+ Ke6 36. Rc6+ Kf7 37. Qd7+ Kg8 38. Rc8#
1-0

[Event "Junior Online 4NCL Division 4"]
[Site "online"]
[Date "2020.10.29"]
[Round "6.52"]
[White "Lasserson, Gabriel"]
[Black "Bharathidasan Vidhya, Shravan"]
[Result "0-1"]
[WhiteElo "800"]
[BlackElo "940"]
[PlyCount "56"]
[EventDate "2020.10.29"]
[WhiteTeam "Eden Primary Knights"]
[BlackTeam "Leeds Juniors 2"]

1. e4 c6 2. d4 d5 3. f3 dxe4 4. fxe4 e6 5. d5 cxd5 6. exd5 exd5 7. Bb5+ Bd7 8.
Qxd5 Bb4+ 9. c3 Qe7+ 10. Ne2 Bxb5 11. Qxb5+ Nc6 12. cxb4 Qxb4+ 13. Qxb4 Nxb4
14. Kd1 O-O-O+ 15. Bd2 Nd3 16. Rf1 Nxb2+ 17. Kc2 Nc4 18. Ba5 Nxa5 19. Nbc3 f6
20. Nd4 Rxd4 21. Nb5 Rc4+ 22. Kd3 Kb8 23. Rfe1 Nh6 24. Nd6 Rc6 25. Re6 Rd8 26.
Ke3 Rcxd6 27. Ke4 Rxe6+ 28. Kf4 Rd4+ 0-1

[Event "Junior Online 4NCL Division 4"]
[Site "online"]
[Date "2020.11.12"]
[Round "7.11"]
[White "Vyas, Alisha"]
[Black "Wang, Luoke"]
[Result "0-1"]
[WhiteElo "1750"]
[BlackElo "1075"]
[PlyCount "124"]
[EventDate "2020.11.12"]
[WhiteTeam "Barnet Knights A"]
[BlackTeam "JHJ 7"]

1. e4 c5 2. c3 Nf6 3. e5 Nd5 4. d4 cxd4 5. cxd4 d6 6. Nf3 Nc6 7. Bc4 Nb6 8. Bb3
Bf5 9. h3 e6 10. O-O Be7 11. Nc3 O-O 12. Be3 Rc8 13. a3 Na5 14. Ba2 Nac4 15.
Bc1 d5 16. Bb1 Bxb1 17. Nxb1 Qc7 18. Nbd2 Nxd2 19. Bxd2 Nc4 20. Bc3 Qb6 21. Qe2
Nxa3 22. Nd2 Nc4 23. Nxc4 Rxc4 24. Rfd1 a6 25. Qe1 Bb4 26. Bxb4 Rxb4 27. Rd2
Rxd4 28. Rxd4 Qxd4 29. Qe2 Rc8 30. Ra3 Rc4 31. Rd3 Qc5 32. Rg3 Rc1+ 33. Kh2 Rc2
34. Qg4 Qf8 35. Rb3 b5 36. Qf3 Qc8 37. Rb4 Qc5 38. Rh4 h6 39. Rf4 Qe7 40. b3 a5
41. Qd3 Rc5 42. Rg4 Kh8 43. Qg3 Qf8 44. Qd3 b4 45. Qg3 Rc3 46. Qf4 Rxb3 47. Qc1
Rc3 48. Qa1 Qd8 49. Qa4 Ra3 50. Qb5 Ra2 51. Rf4 Qe7 52. Qb8+ Kh7 53. Qa8 a4 54.
Qa5 b3 55. Rxa4 Rxa4 56. Qxa4 Qb7 57. Qa1 b2 58. Qb1+ Kh8 59. g3 Qb3 60. f4 Qc3
61. Qa2 Qc2+ 62. Kg1 b1=Q+ 0-1

[Event "Junior Online 4NCL Division 4"]
[Site "online"]
[Date "2020.11.12"]
[Round "7.12"]
[White "Bryant, Amelie"]
[Black "Sanfey, Gregor"]
[Result "0-1"]
[WhiteElo "970"]
[BlackElo "1750"]
[PlyCount "86"]
[EventDate "2020.11.12"]
[WhiteTeam "JHJ 7"]
[BlackTeam "Barnet Knights A"]

1. e4 c5 2. d4 cxd4 3. Qxd4 Nc6 4. Qa4 g6 5. Nf3 Bg7 6. Bb5 e6 7. O-O Nge7 8.
Bg5 O-O 9. Nc3 a6 10. Bxc6 dxc6 11. Rad1 Qc7 12. Rfe1 b5 13. Qd4 Bxd4 14. Nxd4
c5 15. Nf3 Bb7 16. Bf6 Nc8 17. Be5 Qe7 18. Re3 f6 19. Bg3 e5 20. Red3 Nb6 21.
Rd6 Qc7 22. Nxe5 fxe5 23. Bxe5 Nc4 24. Rxg6+ hxg6 25. Bxc7 Rac8 26. Bd6 Nxd6
27. Rxd6 b4 28. Rxg6+ Kh7 29. Rb6 bxc3 30. Rxb7+ Kg6 31. bxc3 Rb8 32. Rxb8 Rxb8
33. h3 Rb2 34. Kh2 Rxc2 35. Kg3 Rxc3+ 36. Kf4 Rd3 37. f3 c4 38. Ke5 c3 39. f4
c2 40. f5+ Kf7 41. f6 c1=Q 42. Kf5 Qf1+ 43. Ke5 Qxf6# 0-1

[Event "Junior Online 4NCL Division 4"]
[Site "online"]
[Date "2020.11.12"]
[Round "7.13"]
[White "Eedle, Eric F"]
[Black "Bradshaw, Sam"]
[Result "1-0"]
[WhiteElo "1660"]
[BlackElo "805"]
[PlyCount "39"]
[EventDate "2020.11.12"]
[WhiteTeam "Barnet Knights A"]
[BlackTeam "JHJ 7"]

1. d4 d5 2. c4 Nf6 3. cxd5 Nxd5 4. e4 Nf6 5. Nc3 e6 6. Nf3 Bb4 7. Bd3 Nc6 8.
Bc2 Nxe4 9. Bxe4 f5 10. Bxc6+ bxc6 11. Bg5 Qd6 12. O-O Bxc3 13. bxc3 h6 14. Bc1
h5 15. a4 h4 16. Ba3 Qf4 17. Ne5 Rg8 18. Qh5+ Kd8 19. Qf7 Re8 20. Nxc6# 1-0

[Event "Junior Online 4NCL Division 4"]
[Site "online"]
[Date "2020.11.12"]
[Round "7.14"]
[White "Broachi, Zain"]
[Black "Angelopoulos, Andreas"]
[Result "0-1"]
[WhiteElo "820"]
[BlackElo "1637"]
[PlyCount "70"]
[EventDate "2020.11.12"]
[WhiteTeam "JHJ 7"]
[BlackTeam "Barnet Knights A"]

1. e4 c5 2. Nc3 Nc6 3. Bc4 Nf6 4. Nf3 d6 5. O-O Bg4 6. Be2 g6 7. Ng5 Bxe2 8.
Qxe2 Bg7 9. Qc4 O-O 10. d3 Ne5 11. Qb5 b6 12. d4 cxd4 13. Nd5 Nxd5 14. Qxd5 h6
15. Nh3 Rc8 16. Rd1 Rxc2 17. Rd2 Rxd2 18. Bxd2 Qa8 19. Qb3 Qxe4 20. Re1 Qd3 21.
Qd1 Rc8 22. Nf4 Qc2 23. Qg4 Qxd2 24. Qxc8+ Kh7 25. h3 Qxe1+ 26. Kh2 Qxf2 27.
Qc1 Qe3 28. Qf1 d3 29. Nd5 Qe2 30. a4 Qxf1 31. Ne3 Qf4+ 32. g3 Qxe3 33. b4 Qf2+
34. Kh1 Nf3 35. a5 Qg1# 0-1

[Event "Junior Online 4NCL Division 4"]
[Site "online"]
[Date "2020.11.12"]
[Round "7.15"]
[White "Wang, Luoke"]
[Black "Vyas, Alisha"]
[Result "0-1"]
[WhiteElo "1075"]
[BlackElo "1750"]
[PlyCount "136"]
[EventDate "2020.11.12"]
[WhiteTeam "JHJ 7"]
[BlackTeam "Barnet Knights A"]

1. d4 Nf6 2. c4 g6 3. g3 Bg7 4. Bg2 O-O 5. Nc3 d6 6. Nf3 Nc6 7. O-O e5 8. dxe5
dxe5 9. e4 Bg4 10. h3 Be6 11. b3 Qc8 12. Kh2 Rd8 13. Qc2 Nd4 14. Qd1 c6 15. Be3
Nb5 16. Qc2 Nxc3 17. Qxc3 Nxe4 18. Qc2 Nd6 19. Rad1 Bf5 20. Qc1 Qc7 21. Nh4 Be6
22. Nf3 Nf5 23. Ng5 Nxe3 24. fxe3 Qe7 25. Nxe6 Qxe6 26. Rxd8+ Rxd8 27. Rd1 Rd6
28. c5 Rd7 29. Rd2 Bf8 30. b4 Bh6 31. Qd1 Rxd2 32. Qxd2 Bg5 33. h4 Bf6 34. Bh3
Qc4 35. Bg2 Kg7 36. Bh3 h6 37. Bc8 Qb5 38. a3 Qa6 39. Qa2 e4 40. Bh3 Qd3 41.
Qf2 Qxa3 42. Qd2 Qc3 43. Qxc3 Bxc3 44. Bc8 Bxb4 45. Bxb7 Bxc5 46. Bxc6 f5 47.
g4 Bxe3 48. h5 Kf6 49. hxg6 Kxg6 50. gxf5+ Kxf5 51. Kg3 Bc1 52. Bd7+ Ke5 53.
Bb5 a5 54. Ba4 Kd4 55. Bd1 Ke3 56. Kg2 Kd2 57. Ba4 e3 58. Bb5 a4 59. Kf1 a3 60.
Bc4 a2 61. Bxa2 e2+ 62. Kf2 e1=Q+ 63. Kg2 Qe4+ 64. Kh3 Ke1 65. Bd5 Qxd5 66. Kh2
Qg5 67. Kh1 Kf2 68. Kh2 Qg2# 0-1

[Event "Junior Online 4NCL Division 4"]
[Site "online"]
[Date "2020.11.12"]
[Round "7.16"]
[White "Sanfey, Gregor"]
[Black "Bryant, Amelie"]
[Result "1-0"]
[WhiteElo "1750"]
[BlackElo "970"]
[PlyCount "69"]
[EventDate "2020.11.12"]
[WhiteTeam "Barnet Knights A"]
[BlackTeam "JHJ 7"]

1. f4 Nc6 2. Nf3 Nf6 3. g3 e6 4. Bg2 Be7 5. O-O d5 6. b3 b6 7. Bb2 Bb7 8. d3
O-O 9. h3 Qd6 10. Nbd2 Qc5+ 11. Kh2 Bd6 12. e4 Rfe8 13. e5 Nd7 14. exd6 Qxd6
15. Ne5 Ncxe5 16. fxe5 Nxe5 17. Qh5 f6 18. Rae1 d4 19. Bxb7 Rab8 20. Be4 f5 21.
Bg2 g6 22. Qe2 c6 23. Qxe5 Qxe5 24. Rxe5 Rbd8 25. Rfe1 Rd6 26. Nc4 Rd7 27. Bxc6
Rde7 28. Bxe8 Rxe8 29. Bxd4 Kf7 30. Nd6+ Ke7 31. Nxe8 Kxe8 32. Rxe6+ Kf7 33.
Re7+ Kf8 34. Re8+ Kf7 35. R1e7# 1-0

[Event "Junior Online 4NCL Division 4"]
[Site "online"]
[Date "2020.11.12"]
[Round "7.17"]
[White "Bradshaw, Sam"]
[Black "Eedle, Eric F"]
[Result "0-1"]
[WhiteElo "805"]
[BlackElo "1660"]
[PlyCount "30"]
[EventDate "2020.11.12"]
[WhiteTeam "JHJ 7"]
[BlackTeam "Barnet Knights A"]

1. e4 c5 2. Nf3 Nc6 3. Bc4 e6 4. d4 d5 5. exd5 exd5 6. Bb3 Nf6 7. Bf4 cxd4 8.
Nxd4 Be7 9. Nxc6 bxc6 10. Nc3 Ba6 11. Ba4 Rc8 12. Bg5 O-O 13. Bxf6 Bxf6 14. Qg4
Re8+ 15. Ne2 Bxe2 0-1

[Event "Junior Online 4NCL Division 4"]
[Site "online"]
[Date "2020.11.12"]
[Round "7.18"]
[White "Angelopoulos, Andreas"]
[Black "Broachi, Zain"]
[Result "1-0"]
[WhiteElo "1637"]
[BlackElo "820"]
[PlyCount "53"]
[EventDate "2020.11.12"]
[WhiteTeam "Barnet Knights A"]
[BlackTeam "JHJ 7"]

1. d4 d5 2. c4 Nf6 3. Nc3 Nc6 4. Nf3 Bf5 5. e3 Be4 6. cxd5 Bxd5 7. Nxd5 Nxd5 8.
Bd3 e6 9. O-O Bd6 10. e4 Nf4 11. e5 Nxd3 12. Qxd3 Nb4 13. Qb5+ c6 14. Qe2 Be7
15. a3 Nd5 16. Qe4 O-O 17. Nd2 f5 18. exf6 Rxf6 19. Nf3 Qd6 20. Bg5 Rf7 21.
Bxe7 Qxe7 22. Rfe1 Qf6 23. Qxe6 Qd8 24. Ne5 Kh8 25. Nxf7+ Kg8 26. Nxd8+ Kf8 27.
Qf7# 1-0

[Event "Junior Online 4NCL Division 4"]
[Site "online"]
[Date "2020.11.12"]
[Round "7.21"]
[White "Catabay, Mae Katelyn Rose"]
[Black "McBrinn, Conall"]
[Result "1-0"]
[WhiteElo "1600"]
[BlackElo "1690"]
[PlyCount "63"]
[EventDate "2020.11.12"]
[WhiteTeam "Colchester Juniors A"]
[BlackTeam "JHJ 1"]

1. e4 e6 2. f4 d5 3. e5 c5 4. Nf3 Nc6 5. c3 Qb6 6. d4 cxd4 7. cxd4 Nge7 8. Nc3
Nf5 9. Bb5 Bd7 10. Bxc6 Bxc6 11. O-O Bb4 12. a3 Be7 13. b4 O-O 14. g4 Nh4 15.
Be3 Nxf3+ 16. Qxf3 f6 17. Qh3 fxe5 18. fxe5 Rxf1+ 19. Rxf1 Rf8 20. Rxf8+ Bxf8
21. g5 Qa6 22. Qxe6+ Kh8 23. Qf7 Bxb4 24. axb4 Qa1+ 25. Kg2 Qb2+ 26. Kf3 Qxb4
27. Nxd5 Qa3 28. Kf4 h6 29. g6 Bxd5 30. Qxd5 Qf8+ 31. Qf7 Qxf7+ 32. gxf7 1-0

[Event "Junior Online 4NCL Division 4"]
[Site "online"]
[Date "2020.11.12"]
[Round "7.22"]
[White "Yu, William"]
[Black "Popovici, Rees"]
[Result "1-0"]
[WhiteElo "1592"]
[BlackElo "1595"]
[PlyCount "65"]
[EventDate "2020.11.12"]
[WhiteTeam "JHJ 1"]
[BlackTeam "Colchester Juniors A"]

1. e4 e6 2. Nf3 d5 3. exd5 exd5 4. d4 Nf6 5. Bg5 Bg4 6. h3 Bh5 7. Nc3 Bb4 8.
Qd3 O-O 9. O-O-O c6 10. g4 Bg6 11. Qe3 Re8 12. Ne5 Bd6 13. Bd3 Nbd7 14. f4 Bxd3
15. Rxd3 Qc7 16. h4 Nxg4 17. Qh3 Ngxe5 18. fxe5 Be7 19. Bf4 f6 20. Rf1 Bb4 21.
exf6 Qc8 22. fxg7 Nf6 23. Qg3 Re7 24. Be5 Rxg7 25. Qf4 Nh5 26. Qh6 Bxc3 27.
Bxg7 Bxb2+ 28. Kxb2 Nxg7 29. Rg3 Qd7 30. Rf5 Kh8 31. Rfg5 Rg8 32. Qf6 a6 33. h5
1-0

[Event "Junior Online 4NCL Division 4"]
[Site "online"]
[Date "2020.11.12"]
[Round "7.23"]
[White "Kanellopoulos, Nickolas"]
[Black "Aserkoff, Daniel"]
[Result "1-0"]
[WhiteElo "1532"]
[BlackElo "1547"]
[PlyCount "31"]
[EventDate "2020.11.12"]
[WhiteTeam "Colchester Juniors A"]
[BlackTeam "JHJ 1"]

1. e4 e5 2. Nf3 Nc6 3. Nc3 Nf6 4. d4 exd4 5. Nxd4 Bb4 6. Nxc6 dxc6 7. Qxd8+
Kxd8 8. Bd3 Re8 9. f3 Be6 10. O-O Ke7 11. a3 Bxc3 12. bxc3 Rad8 13. a4 Nd7 14.
Ba3+ Kf6 15. f4 Nb6 16. e5# 1-0

[Event "Junior Online 4NCL Division 4"]
[Site "online"]
[Date "2020.11.12"]
[Round "7.24"]
[White "Patel, Krrish"]
[Black "Catabay, Rezin C"]
[Result "1-0"]
[WhiteElo "1547"]
[BlackElo "1427"]
[PlyCount "65"]
[EventDate "2020.11.12"]
[WhiteTeam "JHJ 1"]
[BlackTeam "Colchester Juniors A"]

1. d4 d5 2. Nc3 c5 3. Bf4 Nc6 4. e3 Nf6 5. Nb5 e5 6. Bxe5 Nxe5 7. dxe5 Ng4 8.
Qxd5 Qxd5 9. Nc7+ Ke7 10. Nxd5+ Kd8 11. Be2 Nxe5 12. O-O-O Be6 13. Nb6+ Ke7 14.
Nxa8 g6 15. Nc7 Bg7 16. Nxe6 Kxe6 17. f4 Nc6 18. Bc4+ Ke7 19. Nf3 Na5 20. Bb3
c4 21. Ba4 b5 22. Bxb5 Rb8 23. Rd7+ Ke6 24. Ng5+ Kf5 25. Rxf7+ Kg4 26. h3+ Kh5
27. g4+ Kh6 28. Ne6 Bxb2+ 29. Kxb2 Rxb5+ 30. Kc3 Rb7 31. g5+ Kh5 32. Rxb7 Nxb7
33. Rd1 1-0

[Event "Junior Online 4NCL Division 4"]
[Site "online"]
[Date "2020.11.12"]
[Round "7.25"]
[White "McBrinn, Conall"]
[Black "Catabay, Mae Katelyn Rose"]
[Result "1-0"]
[WhiteElo "1690"]
[BlackElo "1600"]
[PlyCount "45"]
[EventDate "2020.11.12"]
[WhiteTeam "JHJ 1"]
[BlackTeam "Colchester Juniors A"]

1. d4 d5 2. c4 c6 3. Nc3 dxc4 4. e4 b5 5. a4 Qa5 6. Bd2 Qb6 7. axb5 cxb5 8. Nd5
Qxd4 9. Nc7+ Kd8 10. Nxa8 Qxe4+ 11. Ne2 Bd7 12. Rxa7 Qc6 13. Ba5+ Ke8 14. Nc7+
Kd8 15. Nxb5+ Ke8 16. Rc7 Qa6 17. Qd2 Bxb5 18. Ra7 Qd6 19. Nd4 Qe5+ 20. Be2 e6
21. Nxb5 Be7 22. Rxe7+ Kxe7 23. Qd8# 1-0

[Event "Junior Online 4NCL Division 4"]
[Site "online"]
[Date "2020.11.12"]
[Round "7.26"]
[White "Popovici, Rees"]
[Black "Yu, William"]
[Result "1-0"]
[WhiteElo "1595"]
[BlackElo "1592"]
[PlyCount "37"]
[EventDate "2020.11.12"]
[WhiteTeam "Colchester Juniors A"]
[BlackTeam "JHJ 1"]

1. d4 d5 2. Bf4 Nc6 3. e3 Bf5 4. Bd3 Bxd3 5. Qxd3 Nf6 6. Nd2 e6 7. c3 Bd6 8.
Bg3 Qd7 9. f4 O-O-O 10. Ngf3 a6 11. Ne5 Nxe5 12. fxe5 Ne4 13. exd6 Nxd2 14.
dxc7 Rde8 15. Qxd2 f6 16. O-O-O e5 17. dxe5 fxe5 18. Qxd5 Kxc7 19. Qxd7+ 1-0

[Event "Junior Online 4NCL Division 4"]
[Site "online"]
[Date "2020.11.12"]
[Round "7.27"]
[White "Aserkoff, Daniel"]
[Black "Kanellopoulos, Nickolas"]
[Result "1/2-1/2"]
[WhiteElo "1547"]
[BlackElo "1532"]
[PlyCount "45"]
[EventDate "2020.11.12"]
[WhiteTeam "JHJ 1"]
[BlackTeam "Colchester Juniors A"]

1. e4 e5 2. Nf3 Nc6 3. d4 exd4 4. Nxd4 Bc5 5. Be3 Qf6 6. Nb5 Bxe3 7. fxe3 Qxb2
8. N1c3 Nb4 9. Bd3 Nxd3+ 10. cxd3 Kd8 11. O-O Qb4 12. Rc1 Nf6 13. Nxc7 Rb8 14.
N7d5 Nxd5 15. Nxd5 Qd6 16. Rxf7 Qg6 17. Qf3 d6 18. Rf8+ Rxf8 19. Qxf8+ Qe8 20.
Rxc8+ Rxc8 21. Qxd6+ Qd7 22. Qf8+ Qe8 23. Qd6+ 1/2-1/2

[Event "Junior Online 4NCL Division 4"]
[Site "online"]
[Date "2020.11.12"]
[Round "7.28"]
[White "Catabay, Rezin C"]
[Black "Patel, Krrish"]
[Result "0-1"]
[WhiteElo "1427"]
[BlackElo "1547"]
[PlyCount "30"]
[EventDate "2020.11.12"]
[WhiteTeam "Colchester Juniors A"]
[BlackTeam "JHJ 1"]

1. c4 e5 2. Nc3 Nf6 3. g3 c6 4. Bg2 d5 5. cxd5 cxd5 6. Qb3 d4 7. Bxb7 Bxb7 8.
Qxb7 Nbd7 9. Nb5 Rb8 10. Nc7+ Ke7 11. Nd5+ Kd6 12. Qa6+ Kxd5 13. b3 Rc8 14. d3
Qb6 15. Qxc8 Bb4+ 0-1

[Event "Junior Online 4NCL Division 4"]
[Site "online"]
[Date "2020.11.12"]
[Round "7.31"]
[White "Groot Wassink, Emma"]
[Black "Kumar, Soham"]
[Result "0-1"]
[WhiteElo "1442"]
[BlackElo "1802"]
[PlyCount "86"]
[EventDate "2020.11.12"]
[WhiteTeam "JHJ 3"]
[BlackTeam "Maidenhead Juniors 1"]

1. e4 c5 2. Nf3 d6 3. d4 cxd4 4. Nxd4 Nf6 5. Nc3 a6 6. f3 e5 7. Nb3 Be6 8. Bg5
Be7 9. Qd2 Nbd7 10. Bd3 O-O 11. O-O b5 12. Rad1 Nb6 13. Be2 b4 14. Nb1 a5 15.
Bxf6 Bxf6 16. Qxd6 Qxd6 17. Rxd6 Na4 18. N1d2 Nxb2 19. Bb5 Rfc8 20. Rc1 Be7 21.
Rc6 a4 22. Rxc8+ Rxc8 23. Na5 Bg5 24. Rb1 Bxd2 25. Rxb2 a3 26. Rb1 Bxa2 27. Rd1
Rxc2 28. Ba4 Rb2 29. Kf1 h6 30. Nc6 Bc4+ 31. Kg1 a2 32. Ra1 Rb1+ 33. Kf2 Rxa1
34. Kg3 Bf4+ 35. Kg4 Rg1 36. g3 a1=Q 37. Bc2 Qa8 38. Ne7+ Kh7 39. Kh3 Be6+ 40.
Nf5 Bxf5+ 41. exf5 Qxf3 42. Bd1 Rxg3+ 43. Kh4 Bg5# 0-1